00973 2200277 4500001002100000005001500021035002000036007000300056008004100059020001500100020001800115082001000133084001600143100003100159245015000190250001900340300002500359700003400384520013400418600001900552264003400571336002100605337003000626338002300656990001600679INLIS00000000000110020260522030344 a0010-0526000556ta260522 0 ind  a9792545603 a9789792545609 a155.4 a155.4 ROH o0 aRohinah M. NoorePengarang1 aOrang tua bijaksana, anak bahagia :bPanduan bagi oragtua untuk "mencetak" anak cerdas dan bahagia /cRohinah M. Noor ; editor, Meitasandrashanti acetakan ketiga a216 halaman ;c21 cm0 aMeitasandrashantiePenyunting aBuku ini merupakan panduan praktis mengenai pola asuh untuk membantu anak tumbuh menjadi individu yang sehat, cerdas, dan kreatif 4aPsikologi anak aJogjakarta :bKatahati,c2012 2rdacontentateks 2rdamediaatanpa perantara 2rdacarrieravolume aKC002126/19